Central Library OPAC University of Rajshahi

تفسير المعوذتين : تفسير مثالي لأفضل ما تعوذ به المتعوذون سورة الفلق وسورة الناس ;; tafsir al-muawwidhatain : tafsir mithaliun li'afdal ma taeudh bih almutaeiwidhun surat alfalaq wasurat alnaas / (Record no. 79240)

MARC details
000 -LEADER
fixed length control field 01360naa a2200205 a 4500
003 - CONTROL NUMBER IDENTIFIER
rucl marc code BD-RjUL
005 - DATE AND TIME OF LATEST TRANSACTION
control field 20220123100233.0
008 - FIXED-LENGTH DATA ELEMENTS--GENERAL INFORMATION
fixed length control field 220123s1955 ii ||||| |||| 00| 0 ara d
035 ## - SYSTEM CONTROL NUMBER
System control number (BD-RjUL)
040 ## - CATALOGING SOURCE
Original cataloging agency BD-RjUL
Language of cataloging eng
Transcribing agency BD-RjUL
041 ## - LANGUAGE CODE
Language code of text/sound track or separate title ara
100 ## - MAIN ENTRY--PERSONAL NAME
Personal name ابن قيم الجوزية، محمد بن أبي بكر بن أيوب ;; Ibn Qayyim al-Jawziyyah, Muhammad ibn Abi Bakr ibn Ayyub,
Dates associated with a name (691-751 هـ.)
9 (RLIN) 860
245 10 - TITLE STATEMENT
Title تفسير المعوذتين : تفسير مثالي لأفضل ما تعوذ به المتعوذون سورة الفلق وسورة الناس ;; tafsir al-muawwidhatain : tafsir mithaliun li'afdal ma taeudh bih almutaeiwidhun surat alfalaq wasurat alnaas /
Statement of responsibility, etc. شمس الدين أبي عبد الله محمد بن أبي بكر بن قيم الجوزية ؛ صححه وعلق عليه ودم له عبد الصمد شرف الدين.= shams al din 'abu- abd allah muhammad ibn 'abu- bakr ibn qayyim aljauzyya ; sahahah waealaq ealayh wadam lah eabd alsamad sharaf aldiyni.
250 ## - EDITION STATEMENT
Edition statement 3rd. edition
264 ## - PRODUCTION, PUBLICATION, DISTRIBUTION, MANUFACTURE, AND COPYRIGHT NOTICE
Place of production, publication, distribution, manufacture بمباي، الهند ;; Mumbay, India:
Name of producer, publisher, distributor, manufacturer الدار القيمة، ;; al-darul-qayyimah ,
Date of production, publication, distribution, manufacture, or copyright notice 1955
300 ## - PHYSICAL DESCRIPTION
Pagination 109 p. ;
Size 23 cm
650 ## - SUBJECT ADDED ENTRY--TOPICAL TERM
Topical term or geographic name as entry element القرآن.
Form subdivision tafsir
9 (RLIN) 861
700 ## - ADDED ENTRY--PERSONAL NAME
Personal name (691-751 هـ.);Sharrafuddin, Abdus-Samad ;; شرف الدين، عبد الصمد
942 ## - ADDED ENTRY ELEMENTS (KOHA)
Source of classification or shelving scheme Dewey Decimal Classification
Koha item type Books
Holdings
Lost status Source of classification or shelving scheme Damaged status Not for loan Collection code Permanent Location Current Location Shelving location Date acquired Source of acquisition Cost, normal purchase price Total Checkouts Full call number Date last seen Copy number Koha item type
  Dewey Decimal Classification   Not For Loan Non-fiction Central Library, University of Rajshahi Central Library, University of Rajshahi Reading Room 13/10/1973 Quran Manjil, Rajshahi 4.00   A 297.1225 IBT 1955 23/01/2022 C-1 Books